<?xml version="1.0" encoding="UTF-8"?>
<record
    xmlns:xsi="http://www.w3.org/2001/XMLSchema-instance"
    xsi:schemaLocation="http://www.loc.gov/MARC21/slim http://www.loc.gov/standards/marcxml/schema/MARC21slim.xsd"
    xmlns="http://www.loc.gov/MARC21/slim">

  <leader>02842cam a2200601 i 4500</leader>
  <controlfield tag="001">xx005000333</controlfield>
  <controlfield tag="003">NUKAT</controlfield>
  <controlfield tag="005">20260428110117.0</controlfield>
  <controlfield tag="008">201118s2020    pl a         |001 0 pol c</controlfield>
  <datafield tag="020" ind1=" " ind2=" ">
    <subfield code="a">9788380981942</subfield>
    <subfield code="q">(oprawa twarda) :</subfield>
    <subfield code="c">z&#x142; 45,00</subfield>
  </datafield>
  <datafield tag="035" ind1=" " ind2=" ">
    <subfield code="a">(OCoLC)1225225755</subfield>
  </datafield>
  <datafield tag="035" ind1=" " ind2=" ">
    <subfield code="a">(NUKAT)xx005000333</subfield>
  </datafield>
  <datafield tag="040" ind1=" " ind2=" ">
    <subfield code="a">KR 253/MH</subfield>
    <subfield code="b">pol</subfield>
    <subfield code="e">rda</subfield>
    <subfield code="c">KR 253/MH</subfield>
    <subfield code="d">&#x141; U/JSs</subfield>
    <subfield code="d">WA 14/ABs</subfield>
    <subfield code="d">OLSZT 008/bak</subfield>
  </datafield>
  <datafield tag="045" ind1="2" ind2=" ">
    <subfield code="b">d1918</subfield>
    <subfield code="b">d1989</subfield>
  </datafield>
  <datafield tag="046" ind1=" " ind2=" ">
    <subfield code="k">2020</subfield>
  </datafield>
  <datafield tag="245" ind1="0" ind2="0">
    <subfield code="a">Ko&#x15B;ci&#xF3;&#x142; wobec niepodleg&#x142;o&#x15B;ci Polski 1918-1989 :</subfield>
    <subfield code="b">ludzie - miejsca - wydarzenia /</subfield>
    <subfield code="c">redakcja Krzysztof Sychowicz, Jaros&#x142;aw Wasilewski.</subfield>
  </datafield>
  <datafield tag="260" ind1=" " ind2=" ">
    <subfield code="a">Bia&#x142;ystok ;</subfield>
    <subfield code="a">Warszawa :</subfield>
    <subfield code="b">Instytut Pami&#x119;ci Narodowej. Oddzia&#x142; w Bia&#x142;ymstoku,</subfield>
    <subfield code="c">2020.</subfield>
  </datafield>
  <datafield tag="300" ind1=" " ind2=" ">
    <subfield code="a">423, [1] strona :</subfield>
    <subfield code="b">ilustracje ;</subfield>
    <subfield code="c">21 cm.</subfield>
  </datafield>
  <datafield tag="336" ind1=" " ind2=" ">
    <subfield code="a">Tekst</subfield>
    <subfield code="b">txt</subfield>
    <subfield code="2">rdacontent</subfield>
  </datafield>
  <datafield tag="337" ind1=" " ind2=" ">
    <subfield code="a">Bez urz&#x105;dzenia po&#x15B;rednicz&#x105;cego</subfield>
    <subfield code="b">n</subfield>
    <subfield code="2">rdamedia</subfield>
  </datafield>
  <datafield tag="338" ind1=" " ind2=" ">
    <subfield code="a">Wolumin</subfield>
    <subfield code="b">nc</subfield>
    <subfield code="2">rdacarrier</subfield>
  </datafield>
  <datafield tag="380" ind1=" " ind2=" ">
    <subfield code="a">Ksi&#x105;&#x17C;ki</subfield>
  </datafield>
  <datafield tag="380" ind1=" " ind2=" ">
    <subfield code="a">Publikacje naukowe</subfield>
  </datafield>
  <datafield tag="388" ind1="1" ind2=" ">
    <subfield code="a">2001-</subfield>
  </datafield>
  <datafield tag="490" ind1="1" ind2=" ">
    <subfield code="a">Seria Wydawnicza Oddzia&#x142;u Instytutu Pami&#x119;ci Narodowej w Bia&#x142;ymstoku ;</subfield>
    <subfield code="v">t. 48</subfield>
  </datafield>
  <datafield tag="490" ind1="1" ind2=" ">
    <subfield code="a">Centralny Projekt Badawczy IPN - W&#x142;adze Komunistyczne wobec Ko&#x15B;cio&#x142;&#xF3;w i Zwi&#x105;zk&#xF3;w Wyznaniowych w Polsce 1944-1989</subfield>
  </datafield>
  <datafield tag="504" ind1=" " ind2=" ">
    <subfield code="a">Indeks.</subfield>
  </datafield>
  <datafield tag="610" ind1="2" ind2="7">
    <subfield code="a">Ko&#x15B;ci&#xF3;&#x142; katolicki</subfield>
    <subfield code="2">DBN</subfield>
    <subfield code="9">37102</subfield>
  </datafield>
  <datafield tag="648" ind1=" " ind2="7">
    <subfield code="a">1901-2000</subfield>
    <subfield code="2">DBN</subfield>
    <subfield code="9">34996</subfield>
  </datafield>
  <datafield tag="650" ind1=" " ind2="7">
    <subfield code="a">Ko&#x15B;ci&#xF3;&#x142; a pa&#x144;stwo</subfield>
    <subfield code="2">DBN</subfield>
    <subfield code="9">35883</subfield>
  </datafield>
  <datafield tag="650" ind1=" " ind2="7">
    <subfield code="a">Odzyskanie niepodleg&#x142;o&#x15B;ci przez Polsk&#x119; (1918)</subfield>
    <subfield code="2">DBN</subfield>
    <subfield code="9">35453</subfield>
  </datafield>
  <datafield tag="650" ind1=" " ind2="7">
    <subfield code="a">Ruchy niepodleg&#x142;o&#x15B;ciowe</subfield>
    <subfield code="2">DBN</subfield>
    <subfield code="9">35774</subfield>
  </datafield>
  <datafield tag="650" ind1=" " ind2="7">
    <subfield code="a">Suwerenno&#x15B;&#x107; pa&#x144;stwa</subfield>
    <subfield code="2">DBN</subfield>
    <subfield code="9">40773</subfield>
  </datafield>
  <datafield tag="650" ind1=" " ind2="7">
    <subfield code="a">Ko&#x15B;ci&#xF3;&#x142; i pa&#x144;stwo</subfield>
    <subfield code="x">Ko&#x15B;ci&#xF3;&#x142; katolicki</subfield>
    <subfield code="y">1900-1945.</subfield>
    <subfield code="2">kaba</subfield>
    <subfield code="9">40774</subfield>
  </datafield>
  <datafield tag="650" ind1=" " ind2="7">
    <subfield code="a">Ko&#x15B;ci&#xF3;&#x142; i pa&#x144;stwo</subfield>
    <subfield code="x">Ko&#x15B;ci&#xF3;&#x142; katolicki</subfield>
    <subfield code="y">1945-1990.</subfield>
    <subfield code="2">kaba</subfield>
    <subfield code="9">40775</subfield>
  </datafield>
  <datafield tag="650" ind1=" " ind2="7">
    <subfield code="a">Ko&#x15B;ci&#xF3;&#x142; i pa&#x144;stwo</subfield>
    <subfield code="z">Polska</subfield>
    <subfield code="y">1900-1945.</subfield>
    <subfield code="2">kaba</subfield>
    <subfield code="9">40776</subfield>
  </datafield>
  <datafield tag="650" ind1=" " ind2="7">
    <subfield code="a">Ko&#x15B;ci&#xF3;&#x142; i pa&#x144;stwo</subfield>
    <subfield code="z">Polska</subfield>
    <subfield code="y">1945-1990.</subfield>
    <subfield code="2">kaba</subfield>
    <subfield code="9">39437</subfield>
  </datafield>
  <datafield tag="650" ind1=" " ind2="7">
    <subfield code="a">Kwestia polska (1795-1918).</subfield>
    <subfield code="2">kaba</subfield>
    <subfield code="9">1421</subfield>
  </datafield>
  <datafield tag="650" ind1=" " ind2="7">
    <subfield code="a">Duchowie&#x144;stwo</subfield>
    <subfield code="x">prze&#x15B;ladowania</subfield>
    <subfield code="z">Polska</subfield>
    <subfield code="y">1900-1945.</subfield>
    <subfield code="2">kaba</subfield>
    <subfield code="9">40777</subfield>
  </datafield>
  <datafield tag="650" ind1=" " ind2="7">
    <subfield code="a">Duchowie&#x144;stwo</subfield>
    <subfield code="x">prze&#x15B;ladowania</subfield>
    <subfield code="z">Polska</subfield>
    <subfield code="y">1945-1990.</subfield>
    <subfield code="2">kaba</subfield>
    <subfield code="9">40778</subfield>
  </datafield>
  <datafield tag="651" ind1=" " ind2="7">
    <subfield code="a">Polska</subfield>
    <subfield code="2">DBN</subfield>
    <subfield code="9">35076</subfield>
  </datafield>
  <datafield tag="655" ind1=" " ind2="7">
    <subfield code="a">Praca zbiorowa</subfield>
    <subfield code="2">DBN</subfield>
    <subfield code="9">35107</subfield>
  </datafield>
  <datafield tag="658" ind1=" " ind2=" ">
    <subfield code="a">Historia</subfield>
  </datafield>
  <datafield tag="700" ind1="1" ind2=" ">
    <subfield code="a">Sychowicz, Krzysztof</subfield>
    <subfield code="d">(1969- ).</subfield>
    <subfield code="e">Redakcja</subfield>
    <subfield code="9">17494</subfield>
  </datafield>
  <datafield tag="700" ind1="1" ind2=" ">
    <subfield code="a">Wasilewski, Jaros&#x142;aw</subfield>
    <subfield code="d">(1978- ).</subfield>
    <subfield code="e">Redakcja</subfield>
    <subfield code="9">17123</subfield>
  </datafield>
  <datafield tag="710" ind1="2" ind2=" ">
    <subfield code="a">Instytut Pami&#x119;ci Narodowej - Komisja &#x15A;cigania Zbrodni przeciwko Narodowi Polskiemu.</subfield>
    <subfield code="b">Oddzia&#x142; (Bia&#x142;ystok).</subfield>
    <subfield code="e">Wydawca</subfield>
    <subfield code="4">pbl</subfield>
    <subfield code="9">13118</subfield>
  </datafield>
  <datafield tag="830" ind1=" " ind2="0">
    <subfield code="a">Seria Wydawnicza Oddzia&#x142;u Instytutu Pami&#x119;ci Narodowej w Bia&#x142;ymstoku</subfield>
    <subfield code="v">t. 48</subfield>
    <subfield code="9">13120</subfield>
  </datafield>
  <datafield tag="830" ind1=" " ind2="0">
    <subfield code="a">W&#x142;adze Komunistyczne wobec Ko&#x15B;cio&#x142;&#xF3;w i Zwi&#x105;zk&#xF3;w Wyznaniowych w Polsce 1944-1989</subfield>
    <subfield code="9">18363</subfield>
  </datafield>
  <datafield tag="920" ind1=" " ind2=" ">
    <subfield code="a">978-83-8098-194-2 (oprawa twarda) : z&#x142; 45,00</subfield>
  </datafield>
  <datafield tag="942" ind1=" " ind2=" ">
    <subfield code="2">ddc</subfield>
    <subfield code="c">BK_NM</subfield>
  </datafield>
  <datafield tag="999" ind1=" " ind2=" ">
    <subfield code="c">27836</subfield>
    <subfield code="d">27836</subfield>
  </datafield>
  <datafield tag="952" ind1=" " ind2=" ">
    <subfield code="0">0</subfield>
    <subfield code="1">0</subfield>
    <subfield code="2">ddc</subfield>
    <subfield code="4">0</subfield>
    <subfield code="7">0</subfield>
    <subfield code="8">K_mag</subfield>
    <subfield code="a">BIP</subfield>
    <subfield code="b">BIP</subfield>
    <subfield code="d">2020-11-30</subfield>
    <subfield code="e">D-36/2020</subfield>
    <subfield code="f">D</subfield>
    <subfield code="g">45.00</subfield>
    <subfield code="i">59954</subfield>
    <subfield code="l">0</subfield>
    <subfield code="o">59954</subfield>
    <subfield code="p">IPWK24058</subfield>
    <subfield code="r">2026-04-28 11:01:09</subfield>
    <subfield code="w">2026-04-28</subfield>
    <subfield code="y">BK_NM</subfield>
  </datafield>
</record>
